000 00853nab a2200253 u 4500
001 20604
003 HDC
007 cr bn ---aaaaa
008 210306c |r|noo 0 a d
040 _aHDC
100 _aRafidah Mat Ruzki,
_eauthor
_918571
245 0 _aMINYAK WANGI UBATI KERINDUAN PADA TANAH SUCI /
_cby Rafidah Mat Ruzki
260 _a[No place] :
_b[publisher not identified],
_c2016
336 _atext
_2rdacontent
337 _acomputer
_2rdamedia
338 _aonline resource
_2rdacarrier
650 _aMuslim product
_97180
650 _aPerfume
_99571
710 _aBERITA HARIAN ONLINE
856 _zRequest full-text at [email protected]
942 _2lcc
942 _cNEWS
942 _kNWSO 010021
999 _c17920
_d17920